Yüklüyor......
Electronics and nuclear physics, eng /
| Yazar: | |
|---|---|
| Dil: | Undetermined |
| Baskı/Yayın Bilgisi: |
New Delhi :
Universal Book stall ,
1991.
|
| Konular: |
| LEADER | 00501nam a2200145Ia 4500 | ||
|---|---|---|---|
| 001 | 19584 | ||
| 008 | 170722s9999 xx 000 0 und d | ||
| 100 | |a Duncan, T. | ||
| 245 | |a Electronics and nuclear physics, eng / | ||
| 260 | |a New Delhi : |b Universal Book stall , |c 1991. | ||
| 300 | |a x, 286 |c 21.8cms | ||
| 653 | |a Nuclear Physics | ||
| 942 | |c GEN | ||
| 999 | |c 163226 |d 163226 | ||
| 952 | |0 0 |1 0 |4 0 |6 C_9B3OBD65_C_6_000000000000000_K9 |7 0 |9 227457 |a LIB |b LIB |d 2013-12-27 |o C9B3obD65, C 6 K9 |p G25525 |r 2017-08-12 |w 2017-08-12 |y GEN | ||